| 000 | 01129nam a22003017a 4500 | ||
|---|---|---|---|
| 001 | 0046362 | ||
| 003 | KOHA_MİRAKIL | ||
| 005 | 20260207003517.0 | ||
| 007 | ta | ||
| 008 | 141027b2014 tu |||gro|||#1|||0|tur | | ||
| 020 | _a9786056157196 | ||
| 040 |
_aTR-BiSEU _btur _cTR-BiSEU _erda |
||
| 041 | 0 | _atur | |
| 044 | _ctu | ||
| 050 |
_aSB416.3 _b.B55 2014 |
||
| 111 | 2 |
_aBilecik'te örtüaltı yetiştiriciliği _985476 |
|
| 245 | 1 |
_aBilecik'te örtüaltı yetiştiriciliği 28 Ocak 2014 Bilecik/ _cyayına hazırlayan Ahmet Tuna Cömert, Kutalmış Turhal. |
|
| 264 | 1 |
_aBilecik : _bBilecik Şeyh Edebali Üniversitesi _c2014 |
|
| 300 | _a116 sayfa: resimli; 23 cm. | ||
| 336 |
_ametin _btxt _2rdacontent |
||
| 337 |
_aaracısız _bn _2rdamedia |
||
| 338 |
_acilt _bnc _2rdacarrier |
||
| 490 | 1 |
_aBilecik Şeyh Edebali Üniversitesi Yayınları Sempozyum ve Konferans Serisi ; _v7 |
|
| 650 | 0 |
_aSeracılık. _925360 |
|
| 650 | 0 |
_aSebze yetiştiriciliği--Örtüaltı sebze yetiştiriciliği. _985477 |
|
| 830 | 1 |
_aBilecik Şeyh Edebali Üniversitesi Yayınları Sempozyum ve Konferans Serisi ; _v7 _985478 |
|
| 942 |
_2lcc _cBK |
||
| 999 |
_c46328 _d46328 |
||